000 00510cam a22002171 4500
001 sa 64006960
003 DLC
005 20260227112043.0
008 911015s1963 ii 000 0 tamr
010 _asa 64006960
035 _a(OCoLC)24562591
040 _aDLC
_cNRU
_dDLC
042 _apremarc
050 0 0 _aB133.S5
_bS3
100 1 _aSankaran, S.,
_d1926-
245 1 0 _aCaṅkarar kataikaḷ.
260 _c1963.
300 _a47 p.
_c18 cm.
500 _aIn Tamil.
600 1 0 _aŚaṅkarācārya.
999 _c59970
_d59970